[Event "5th American Continental"]
[Site "Sao Paulo BRA"]
[Date "2009.07.26"]
[Round "2.86"]
[White "Araujo, Jose Roberto"]
[Black "Machado, Gilmar Dias"]
[Result "1-0"]
[WhiteElo "2142"]
[BlackElo "1960"]
[EventDate "2009.07.25"]
[PlyCount "107"]

1.d4 d5 2.c4 e5 3.dxe5 d4 4.a3 Nc6 5.e3 dxe3 6.Qxd8+ Kxd8 7.Bxe3 Nxe5 8.
Nf3 Nxf3+ 9.gxf3 Be6 10.Nc3 c6 11.O-O-O+ Ke8 12.Bd3 Be7 13.Rhe1 Kf8 14.Ne4
b6 15.Ng5 Bxg5 16.Bxg5 Ne7 17.Bxe7+ Kxe7 18.f4 Kf6 19.f5 Bxf5 20.Bxf5 Kxf5
21.Re7 Kf6 22.Rdd7 Rhf8 23.Rxa7 Rxa7 24.Rxa7 Rb8 25.Rc7 c5 26.Kd2 h5 27.
Kc3 g5 28.b4 cxb4+ 29.Kxb4 g4 30.Kb5 Ra8 31.Kb4 Ra6 32.a4 Kg6 33.c5 bxc5+ 
34.Rxc5 Rb6+ 35.Ka3 Rf6 36.Rc2 Rf3+ 37.Kb4 Kg5 38.a5 Kh4 39.a6 Rf6 40.Ra2 
Rb6+ 41.Kc4 Rb8 42.Ra3 f5 43.Kc5 f4 44.a7 Ra8 45.Kb6 f3 46.Ra5 Rh8 47.Rc5 
Ra8 48.Kb7 Rxa7+ 49.Kxa7 Kh3 50.Rxh5+ Kg2 51.Rh4 g3 52.Rg4 Kxf2 53.Rxg3 
Ke2 54.h4 1-0

[Event "5th American Continental"]
[Site "Sao Paulo BRA"]
[Date "2009.07.26"]
[Round "2.87"]
[White "Rodrigues, Bruno Morado"]
[Black "Carvalho, Felipe Lobo"]
[Result "1-0"]
[WhiteElo "1953"]
[BlackElo "2141"]
[EventDate "2009.07.25"]
[PlyCount "47"]

1.e4 c5 2.Nf3 d6 3.c3 Nf6 4.Be2 Nc6 5.d4 cxd4 6.cxd4 e6 7.Nc3 Be7 8.O-O 
O-O 9.h3 d5 10.e5 Ne4 11.Bd3 Nxc3 12.bxc3 Na5 13.Bc2 Bd7 14.Qd3 g6 15.Bh6 
Re8 16.Qe3 Qc7 17.Rac1 Bb5 18.Rfe1 Rec8 19.Qf4 Nc4 20.Nh2 Na3 21.Ng4 Nxc2 
22.Nf6+ Kh8 23.Qh4 g5 24.Bg7+ 1-0

[Event "5th American Continental"]
[Site "Sao Paulo BRA"]
[Date "2009.07.26"]
[Round "2.88"]
[White "Restuccia, Francisco"]
[Black "Jardim, Daphne Tofano"]
[Result "1-0"]
[WhiteElo "2136"]
[BlackElo "1940"]
[EventDate "2009.07.25"]
[PlyCount "117"]

1.e4 c5 2.d4 cxd4 3.c3 g6 4.cxd4 d5 5.exd5 Nf6 6.Nc3 Nxd5 7.Qb3 Nb6 8.Be3 
Be6 9.d5 Bf5 10.Nf3 Bg7 11.Bb5+ Bd7 12.O-O O-O 13.Rfd1 Bxb5 14.Nxb5 a6 15.
Nc3 N8d7 16.d6 exd6 17.Rxd6 Qe7 18.Rxb6 Nxb6 19.Qxb6 Rfd8 20.Re1 Rd6 21.
Qb3 Re8 22.h3 Qd7 23.Rd1 Rxd1+ 24.Qxd1 Qxd1+ 25.Nxd1 Rd8 26.Bd2 b5 27.Kf1 
f5 28.Ke2 h6 29.Bc3 Bxc3 30.bxc3 Kf7 31.Ne5+ Kf6 32.Nd3 Rc8 33.Ne3 g5 34.
Kd2 Ke6 35.Nc2 a5 36.Nd4+ Kd5 37.Nxb5 Rd8 38.Nd4 f4 39.Nb2 Rb8 40.Nb3 Ra8 
41.c4+ Kc6 42.Nd3 a4 43.Nd4+ Kc7 44.c5 Rb8 45.c6 a3 46.Kc3 Rb1 47.Nb4 Rf1 
48.Nb5+ Kc8 49.c7 Rb1 50.Kc4 Rc1+ 51.Kd5 Kb7 52.Kd6 Rd1+ 53.Nd5 h5 54.Na7 
Rxd5+ 55.Kxd5 Kxc7 56.Nb5+ Kd7 57.Nxa3 g4 58.hxg4 hxg4 59.Ke4 1-0

[Event "5th American Continental"]
[Site "Sao Paulo BRA"]
[Date "2009.07.26"]
[Round "2.89"]
[White "Haman, Muhammad"]
[Black "Bispo, Leonardo"]
[Result "0-1"]
[WhiteElo "1950"]
[BlackElo "2129"]
[EventDate "2009.07.25"]
[PlyCount "88"]

1.e4 e5 2.Nf3 Nf6 3.Nxe5 d6 4.Nf3 Nxe4 5.d3 Nf6 6.Nc3 Be7 7.d4 Bg4 8.h3 
Bh5 9.g4 Bg6 10.Bg2 Ne4 11.Nd5 O-O 12.O-O c6 13.Nf4 Nd7 14.Qe2 d5 15.c4 
Bd6 16.cxd5 Bxf4 17.Bxf4 cxd5 18.Qb5 Nb6 19.a4 f5 20.g5 Bh5 21.a5 Bxf3 22.
Bxf3 Nxg5 23.Bg2 Ne6 24.Be5 f4 25.Rfd1 f3 26.Bf1 Nc4 27.Bg3 Nf4 28.Bxc4 
dxc4 29.Qxc4+ Kh8 30.d5 Qg5 31.Kh2 Qh6 32.h4 Ne2 33.Ra3 Rf4 34.Qxf4 Nxf4 
35.Rxf3 Qh5 36.Rfd3 Nxd3 37.Rxd3 g5 38.d6 gxh4 39.Bf4 Qe2 40.Rd2 Qe4 41.
Bg5 h6 42.Bf6+ Kh7 43.Rd4 Qe1 44.Rf4 Rg8 0-1

[Event "5th American Continental"]
[Site "Sao Paulo BRA"]
[Date "2009.07.26"]
[Round "2.90"]
[White "Palozi, Paulo Ricardo"]
[Black "Costa, Giovanni de Almeida"]
[Result "1-0"]
[WhiteElo "2127"]
[BlackElo "1931"]
[EventDate "2009.07.25"]
[PlyCount "47"]

1.d4 Nf6 2.Nf3 g6 3.c4 d5 4.cxd5 Nxd5 5.g3 Bg7 6.Bg2 O-O 7.O-O Bf5 8.Qb3 
Nb6 9.a4 Be6 10.Qc2 c6 11.a5 Nd5 12.e4 Nc7 13.Nc3 Bc4 14.Rd1 e6 15.Bg5 f6 
16.Be3 Qe7 17.Ra4 Bb5 18.Nxb5 Nxb5 19.d5 Rd8 20.dxe6 Rxd1+ 21.Qxd1 Qxe6 
22.Qd8+ Kf7 23.Bf1 Qe8 24.Bc4+ 1-0

[Event "5th American Continental"]
[Site "Sao Paulo BRA"]
[Date "2009.07.26"]
[Round "2.91"]
[White "Abdalla, Jose Lucas Aurelli"]
[Black "Jukemura, Leandro"]
[Result "0-1"]
[WhiteElo "1939"]
[BlackElo "2123"]
[EventDate "2009.07.25"]
[PlyCount "104"]

1.e4 c5 2.Nf3 a6 3.c4 Nc6 4.d4 cxd4 5.Nxd4 Nf6 6.Nc3 e6 7.Nxc6 dxc6 8.
Qxd8+ Kxd8 9.Bg5 e5 10.f3 Bb4 11.O-O-O+ Kc7 12.Kc2 Be6 13.Be3 Bxc3 14.Kxc3
Rhd8 15.Be2 Rd7 16.Rxd7+ Nxd7 17.Rd1 b5 18.b3 f6 19.Rd2 Rb8 20.Rd1 b4+ 21.
Kb2 c5 22.f4 Kc6 23.f5 Bf7 24.g4 a5 25.h4 a4 26.g5 a3+ 27.Kc2 Nb6 28.Rg1 
Rg8 29.gxf6 gxf6 30.Rxg8 Bxg8 31.Bh5 Nxc4 32.Be8+ Kb6 33.bxc4 Bxc4 34.Bd7 
Be2 35.Be6 Kb5 36.Bd7+ Kb6 37.Kb3 Bd1+ 38.Kc4 b3 39.Bxc5+ Kc7 40.Bxa3 bxa2
41.Bb2 Kxd7 42.Kc3 Ke7 43.Kb4 Bc2 44.Ka3 Bxe4 45.Kxa2 Bxf5 46.Kb3 Ke6 47.
Bc3 Bg4 48.Kc2 f5 49.Kd2 f4 50.Kd3 Kf5 51.Be1 Bd1 52.Kd2 Ba4 0-1

[Event "5th American Continental"]
[Site "Sao Paulo BRA"]
[Date "2009.07.26"]
[Round "2.92"]
[White "Sztokbant, Bernardo Vainzoff"]
[Black "Daneri, Martin"]
[Result "0-1"]
[WhiteElo "1936"]
[BlackElo "2121"]
[EventDate "2009.07.25"]
[PlyCount "106"]

1.e4 e6 2.d4 d5 3.Nc3 Bb4 4.Bd2 Nf6 5.e5 Bxc3 6.Bxc3 Ne4 7.Bd3 Nxc3 8.bxc3
c5 9.f4 Qa5 10.Qd2 b6 11.Nf3 Nc6 12.Rd1 Ba6 13.O-O O-O 14.f5 exf5 15.Bxa6 
Qxa6 16.Nh4 Ne7 17.Qg5 Rae8 18.Nxf5 Nxf5 19.Qxf5 cxd4 20.cxd4 Qxa2 21.Rf4 
Re6 22.Rdf1 Qa3 23.Kh1 Qe7 24.h3 a5 25.Ra1 Rc6 26.Kh2 Qc7 27.Rf2 Rc4 28.
Rd1 a4 29.Qd3 b5 30.Rdf1 b4 31.Kh1 Qb6 32.Rf4 Qc6 33.Qf3 Rc3 34.Qh5 Qg6 
35.Qxg6 hxg6 36.Ra1 a3 37.Ra2 Rfc8 38.Rf2 R8c4 39.Rd2 Re3 40.Ra1 Kf8 41.
Kg1 Ke7 42.Kf2 Re4 43.Rad1 Kd7 44.Kf3 Kc6 45.Kg3 Kb5 46.Rf2 Re3+ 47.Kg4 
Rc7 48.Kg5 Rg3+ 49.Kh4 Rgc3 50.Rdf1 a2 51.e6 fxe6 52.Kg5 Rxc2 53.Rf8 Rxg2+
0-1

[Event "5th American Continental"]
[Site "Sao Paulo BRA"]
[Date "2009.07.26"]
[Round "2.93"]
[White "Shiroma, Silvio Haruo"]
[Black "Pereira, Amanda Marques"]
[Result "1-0"]
[WhiteElo "2119"]
[BlackElo "1926"]
[EventDate "2009.07.25"]
[PlyCount "95"]

1.e4 c5 2.f4 e6 3.Nf3 d5 4.Bb5+ Bd7 5.Bxd7+ Nxd7 6.d3 Be7 7.O-O dxe4 8.
dxe4 Ngf6 9.e5 Nd5 10.c4 Nc7 11.Qe2 O-O 12.Nc3 f6 13.exf6 Bxf6 14.Ne4 Bd4+
15.Be3 Nb6 16.Nxd4 cxd4 17.Rad1 e5 18.fxe5 Rxf1+ 19.Qxf1 Ne6 20.Bxd4 Nxd4 
21.Qf2 Nxc4 22.Rxd4 Qc8 23.Qg3 Nxe5 24.Qxe5 Qc1+ 25.Kf2 Rf8+ 26.Ke2 Qf1+ 
27.Kd2 Qxg2+ 28.Kc3 Rc8+ 29.Kb3 Qf3+ 30.Nc3 Kh8 31.Qd5 Qf8 32.Rb4 b6 33.
Re4 Rc5 34.Qd7 Rc8 35.a3 a5 36.Ka2 Rd8 37.Qe7 Qg8+ 38.Qe6 Qf8 39.Nd5 h6 
40.Nf4 Qd6 41.Ng6+ Kh7 42.h4 Qd1 43.Ne7 a4 44.Qxb6 Rd6 45.Qb8 Rd8 46.Qb5 
Rd7 47.Qf5+ Kh8 48.Qf8+ 1-0

[Event "5th American Continental"]
[Site "Sao Paulo BRA"]
[Date "2009.07.26"]
[Round "2.94"]
[White "Awoki, Daniel Teidi"]
[Black "Maia, Jose Eduardo Bastos"]
[Result "0-1"]
[WhiteElo "1927"]
[BlackElo "2118"]
[EventDate "2009.07.25"]
[PlyCount "80"]

1.e4 e5 2.Nf3 Nc6 3.d4 exd4 4.Nxd4 Bc5 5.Be3 Qf6 6.c3 Nge7 7.Bc4 O-O 8.O-O
Ne5 9.Be2 Qg6 10.Nf5 Nxf5 11.Bxc5 Nh4 12.g3 d6 13.Bd4 Bh3 14.Bh5 Qxe4 15.
f3 Qf5 16.Bg4 Nxg4 17.fxg4 Qxf1+ 18.Qxf1 Bxf1 19.gxh4 Bh3 20.g5 Rfe8 21.
Kf2 Bg4 22.Be3 Re5 23.Nd2 Rae8 24.Re1 b6 25.Nb3 Rf5+ 26.Kg2 Rf3 27.Bd2 
Rxe1 28.Bxe1 Re3 29.Bf2 Re2 30.Nd4 Rxb2 31.a4 Bd7 32.Kf3 Bxa4 33.Nf5 Kf8 
34.c4 a5 35.Bd4 Rb3+ 36.Kf4 g6 37.Ng3 Bc6 38.Be3 Rb4 39.Bd4 Rxc4 40.Ke3 
Rc2 0-1

[Event "5th American Continental"]
[Site "Sao Paulo BRA"]
[Date "2009.07.26"]
[Round "2.95"]
[White "Costa, Alex Luiz da"]
[Black "Moyses Filho, Joao"]
[Result "0-1"]
[WhiteElo "1897"]
[BlackElo "2118"]
[EventDate "2009.07.25"]
[PlyCount "68"]

1.d4 d5 2.c4 e6 3.Nc3 Nf6 4.Nf3 Nbd7 5.a3 c6 6.cxd5 exd5 7.Bg5 Be7 8.e3 
Ne4 9.Bxe7 Qxe7 10.Bd3 f5 11.O-O O-O 12.Nd2 Ndf6 13.Qc2 Ng4 14.h3 Ngf6 15.
Rfe1 Be6 16.Nf1 Rae8 17.Na4 Bc8 18.b4 a6 19.Nc5 Nh5 20.a4 f4 21.Nxe4 dxe4 
22.Bc4+ Kh8 23.exf4 Nxf4 24.Re3 Qxb4 25.Rb1 Qd6 26.Rd1 Nd5 27.Rg3 Qf4 28.
Ne3 Qxg3 29.fxg3 Nxe3 30.Qe2 Nxd1 31.Qxd1 Be6 32.Be2 b5 33.Qc2 Bd5 34.Bg4 
e3 0-1

[Event "5th American Continental"]
[Site "Sao Paulo BRA"]
[Date "2009.07.26"]
[Round "2.96"]
[White "Cardoso Junior, Cicero Assuncao"]
[Black "Azevedo, Alcides Alexandre"]
[Result "1-0"]
[WhiteElo "1888"]
[BlackElo "2105"]
[EventDate "2009.07.25"]
[PlyCount "71"]

1.Nf3 c5 2.c4 Nf6 3.g3 d5 4.cxd5 Nxd5 5.Bg2 Nc6 6.b3 e5 7.d3 Be7 8.O-O Be6
9.Bb2 f6 10.Nbd2 O-O 11.Qc1 Qd7 12.Re1 Rac8 13.Ne4 b6 14.Nc3 Nc7 15.Qe3 
Nd4 16.Qc1 Rfd8 17.Qd1 b5 18.Rc1 a6 19.Ne4 Nd5 20.Ned2 Nb4 21.a3 Nd5 22.e3
Nxf3+ 23.Nxf3 Nb6 24.d4 e4 25.Nd2 f5 26.Bf1 cxd4 27.Rxc8 Nxc8 28.Bxd4 Bxa3
29.Qa1 Bb4 30.Rd1 Qb7 31.Qa2 Ne7 32.Nb1 Nc6 33.Na3 Nxd4 34.exd4 Bd5 35.Nc2
g6 36.Nxb4 1-0

[Event "5th American Continental"]
[Site "Sao Paulo BRA"]
[Date "2009.07.26"]
[Round "2.97"]
[White "Veit, Darlan Rodrigo"]
[Black "Batista, Eliseu da Silva"]
[Result "1-0"]
[WhiteElo "2105"]
[BlackElo "1901"]
[EventDate "2009.07.25"]
[PlyCount "59"]

1.e4 c5 2.Nf3 Nc6 3.d4 cxd4 4.Nxd4 Nf6 5.Nc3 e5 6.Ndb5 d6 7.Bg5 a6 8.Na3 
b5 9.Nd5 Be7 10.Bxf6 Bxf6 11.c3 Rb8 12.Nc2 Bg5 13.Be2 O-O 14.O-O Be6 15.
Ncb4 Nxb4 16.Nxb4 Qc8 17.Qxd6 Rd8 18.Qxa6 Qxa6 19.Nxa6 Rb6 20.Nc7 Rd2 21.
Bxb5 Rxb2 22.c4 Bxc4 23.Bxc4 Rc2 24.Nd5 Rc6 25.Bb3 R2c5 26.Rfd1 g6 27.Kf1 
Kg7 28.g3 Bc1 29.Nb4 Rc7 30.Nd3 1-0

[Event "5th American Continental"]
[Site "Sao Paulo BRA"]
[Date "2009.07.26"]
[Round "2.98"]
[White "Palomino, Alexandre"]
[Black "Prieto Sanabria, Ernesto"]
[Result "0-1"]
[WhiteElo "1879"]
[BlackElo "2104"]
[EventDate "2009.07.25"]
[PlyCount "70"]

1.e4 e5 2.Nf3 Nf6 3.Bc4 Nc6 4.Nc3 Bb4 5.d3 d6 6.h3 Be6 7.Bxe6 fxe6 8.Bd2 
O-O 9.O-O Qe7 10.Ne2 d5 11.c3 dxe4 12.dxe4 Bc5 13.Qc2 a6 14.Rad1 h6 15.Ng3
Kh7 16.Qc1 Rf7 17.Be3 Bd6 18.c4 Nd7 19.Nh2 Raf8 20.f3 Nd4 21.Ng4 h5 22.Bg5
Qe8 23.Nf2 Be7 24.h4 Bxg5 25.Qxg5 Rxf3 26.Rxd4 Rxg3 27.Qxg3 exd4 28.Qxc7 
Qf7 29.Qg3 Qf6 30.Qd3 Ne5 31.Qd2 Nxc4 32.Qe2 Ne3 33.Rc1 Qxh4 34.Rc7 Qg5 
35.g4 Qf4 0-1

[Event "5th American Continental"]
[Site "Sao Paulo BRA"]
[Date "2009.07.26"]
[Round "2.99"]
[White "Chaves, Jorge Antonio Torres"]
[Black "Gomes, Marco Tulio Caldeira"]
[Result "1-0"]
[WhiteElo "2102"]
[BlackElo "1890"]
[EventDate "2009.07.25"]
[PlyCount "127"]

1.d4 d5 2.c4 c6 3.Nf3 Nf6 4.Nc3 Bf5 5.e3 e6 6.Be2 dxc4 7.Bxc4 Bd6 8.Nh4 
Bg6 9.Nxg6 hxg6 10.e4 Bb4 11.f3 Qc7 12.e5 Nd5 13.Bd2 Qe7 14.g3 Nd7 15.a3 
Bxc3 16.bxc3 b5 17.Be2 N7b6 18.h4 a6 19.Qb3 c5 20.Kf2 c4 21.Qc2 Na4 22.f4 
Rc8 23.Bf3 Qd7 24.Rae1 Rd8 25.h5 gxh5 26.Bxh5 Ke7 27.f5 Rdf8 28.Bg5+ Ke8 
29.fxe6 Qxe6 30.Bd2 g6 31.Bf3 Kd8 32.Kg2 Nab6 33.Qe4 Kc7 34.Kf2 Re8 35.Qc2
Qe7 36.Qc1 Qd7 37.Rxh8 Rxh8 38.Rh1 Rxh1 39.Qxh1 Qf5 40.Qe1 Kd7 41.Kg2 Qe6 
42.Qe4 Kc6 43.Qh4 a5 44.Qd8 Qd7 45.Qf8 Kc7 46.Qc5+ Qc6 47.Bg5 Qxc5 48.dxc5
Nxc3 49.cxb6+ Kxb6 50.Be3+ Kc7 51.Bd2 Nb1 52.Bxa5+ Kd7 53.Bb4 c3 54.Bd1 
Ke6 55.Bc2 Nd2 56.Bxc3 Nc4 57.Bb3 Kd5 58.Kf3 Kc5 59.Bxc4 Kxc4 60.Bb4 Kd5 
61.Kf4 Ke6 62.Bd6 f6 63.exf6 Kxd6 64.Kg5 1-0

[Event "5th American Continental"]
[Site "Sao Paulo BRA"]
[Date "2009.07.26"]
[Round "2.100"]
[White "Freitas, Julio Eimard de"]
[Black "Pires, Marcos Vinicius Torsani"]
[Result "0-1"]
[WhiteElo "1870"]
[BlackElo "2100"]
[EventDate "2009.07.25"]
[PlyCount "90"]

1.d4 Nf6 2.c4 e6 3.Nc3 Bb4 4.g3 Nc6 5.Bg2 O-O 6.Nf3 d6 7.h3 Qe7 8.O-O Bxc3
9.bxc3 e5 10.Re1 Re8 11.e4 b6 12.Nh4 Ba6 13.Nf5 Qd8 14.Bg5 Bxc4 15.Ne3 Na5
16.Qa4 Qd7 17.Qxd7 Nxd7 18.Nxc4 Nxc4 19.a4 h6 20.Bc1 Nf8 21.h4 Ne6 22.Bf1 
Na5 23.Be3 Rad8 24.Rad1 c5 25.Bb5 Rf8 26.d5 Nc7 27.Bd3 Kh8 28.Kg2 Rb8 29.
Rb1 c4 30.Be2 f5 31.f3 fxe4 32.fxe4 Na6 33.Rb5 Rbc8 34.g4 Rc7 35.g5 Kh7 
36.Rh1 Nb3 37.Rf1 Rxf1 38.Bxf1 hxg5 39.hxg5 Nac5 40.Bxc4 Na5 41.Rb4 Nxa4 
42.Rxa4 Rxc4 43.Rb4 Rxc3 44.Bxb6 axb6 45.Rxb6 Nc4 0-1

[Event "5th American Continental"]
[Site "Sao Paulo BRA"]
[Date "2009.07.26"]
[Round "2.101"]
[White "Ferreira, Kleber Victor"]
[Black "Rodrigues, Flavio Leite"]
[Result "1/2-1/2"]
[WhiteElo "2094"]
[BlackElo "1884"]
[EventDate "2009.07.25"]
[PlyCount "33"]

1.e4 c6 2.d4 d5 3.e5 c5 4.dxc5 Nc6 5.Bb5 e6 6.Be3 Bd7 7.Bxc6 Bxc6 8.Nf3 
Ne7 9.O-O Nf5 10.Bd4 Nxd4 11.Qxd4 b6 12.cxb6 axb6 13.Nbd2 Ra4 14.Qe3 Bc5 
15.Qe2 Qa8 16.a3 O-O 17.c3 1/2-1/2

[Event "5th American Continental"]
[Site "Sao Paulo BRA"]
[Date "2009.07.26"]
[Round "2.102"]
[White "Oliveira, Francemir Barra de"]
[Black "Cajal, Andre"]
[Result "0-1"]
[WhiteElo "1861"]
[BlackElo "2092"]
[EventDate "2009.07.25"]
[PlyCount "52"]

1.e4 c5 2.Nf3 e6 3.d4 cxd4 4.Nxd4 Nf6 5.Nc3 Bb4 6.Bd3 a6 7.Bd2 Qc7 8.O-O 
Bc5 9.Nde2 b5 10.Ng3 Bb7 11.Nce2 h5 12.Bf4 d6 13.h4 Qb6 14.a3 Ng4 15.Qe1 
d5 16.b4 Be7 17.Bg5 Bxg5 18.hxg5 h4 19.Nh1 dxe4 20.Nf4 exd3 21.g6 Qd6 22.
gxf7+ Kxf7 23.cxd3 g5 24.f3 Qd4+ 25.Nf2 Nxf2 26.Rxf2 gxf4 0-1

[Event "5th American Continental"]
[Site "Sao Paulo BRA"]
[Date "2009.07.26"]
[Round "2.103"]
[White "Abdalla, Luiz Guilherme Aurelli"]
[Black "Britez, Jorge Antonio Gonzales"]
[Result "1/2-1/2"]
[WhiteElo "2089"]
[BlackElo "1877"]
[EventDate "2009.07.25"]
[PlyCount "51"]

1.d4 Nf6 2.c4 g6 3.Nc3 d5 4.Nf3 Bg7 5.Bg5 c5 6.Bxf6 Bxf6 7.cxd5 e6 8.e4 
exd5 9.e5 Bg7 10.dxc5 O-O 11.Qxd5 Nc6 12.Qxd8 Rxd8 13.Be2 Nxe5 14.O-O Be6 
15.Rfd1 Nc4 16.Bxc4 Bxc4 17.Nd2 Bxc3 18.Nxc4 Bb4 19.Nd6 b6 20.Ne4 f5 21.a3
Bxc5 22.Nxc5 bxc5 23.Kf1 Kf7 24.Rxd8 Rxd8 25.Rc1 Rd5 26.Ke2 1/2-1/2

[Event "5th American Continental"]
[Site "Sao Paulo BRA"]
[Date "2009.07.26"]
[Round "2.104"]
[White "Silva, Jose Gomes da"]
[Black "Resende, Carlos Alberto Filgueir"]
[Result "0-1"]
[WhiteElo "1852"]
[BlackElo "2081"]
[EventDate "2009.07.25"]
[PlyCount "92"]

1.Nf3 d5 2.d4 Nf6 3.Bf4 e6 4.e3 Nbd7 5.Bd3 Be7 6.Nbd2 c5 7.c3 O-O 8.O-O 
Re8 9.Ne5 a6 10.Ndf3 Ne4 11.Qc2 Ndf6 12.Ng5 Nxg5 13.Bxg5 h6 14.Bh4 c4 15.
Be2 Ne4 16.Bxe7 Qxe7 17.Bxc4 f6 18.Ng6 Qf7 19.Bd3 Qxg6 20.f3 Qg5 21.fxe4 
Qxe3+ 22.Kh1 Bd7 23.Rad1 Qg5 24.e5 f5 25.Rf3 Kh8 26.Qf2 Rg8 27.Rg1 Be8 28.
h4 Qe7 29.Rh3 Bh5 30.Qf4 b5 31.Qe3 Bg4 32.Rh2 Rgd8 33.g3 Rdc8 34.Rf1 b4 
35.Be2 Bxe2 36.Rxe2 bxc3 37.bxc3 Qa3 38.Rc2 Rab8 39.Qc1 Qa4 40.Rb2 Rxb2 
41.Qxb2 Qc4 42.Rc1 Qd3 43.Kg2 Qe4+ 44.Kf2 f4 45.Qd2 fxg3+ 46.Kxg3 Rf8 0-1

[Event "5th American Continental"]
[Site "Sao Paulo BRA"]
[Date "2009.07.26"]
[Round "2.105"]
[White "Saito, Vinicius Ikezu"]
[Black "Japiassu, Ricardo de Vila Nova"]
[Result "1-0"]
[WhiteElo "2080"]
[BlackElo "1867"]
[EventDate "2009.07.25"]
[PlyCount "63"]

1.d4 e6 2.c4 f5 3.g3 d5 4.Bg2 c6 5.b3 Nf6 6.Nf3 Bd6 7.O-O Qe7 8.Bb2 O-O 9.
Nbd2 b6 10.Ne5 Bb7 11.Qc2 a5 12.Ndf3 Na6 13.e3 Rac8 14.Qe2 c5 15.Rfd1 Rfd8
16.Rac1 Nb4 17.Ba1 Ba6 18.Bf1 Qe8 19.a3 Nc6 20.Qb2 Bb7 21.cxd5 Bxe5 22.
dxc6 Qxc6 23.Bg2 Bd6 24.Nh4 Qd7 25.dxc5 bxc5 26.Rxd6 Qxd6 27.Bxb7 Rc7 28.
Bg2 Rdc8 29.Bf1 Rb8 30.a4 Rd8 31.Bc4 Re7 32.Nxf5 1-0

[Event "5th American Continental"]
[Site "Sao Paulo BRA"]
[Date "2009.07.26"]
[Round "2.106"]
[White "Silva, Sergio"]
[Black "Neto, Joao Batista Aragao"]
[Result "1-0"]
[WhiteElo "2072"]
[BlackElo "1859"]
[EventDate "2009.07.25"]
[PlyCount "59"]

1.d4 Nf6 2.Nf3 g6 3.Bg5 Bg7 4.Nbd2 d6 5.c3 O-O 6.e4 c5 7.dxc5 dxc5 8.Bc4 
Nc6 9.O-O Na5 10.Be2 Be6 11.Qc2 Qc7 12.Bh4 Nh5 13.Rfe1 Nf4 14.Bf1 Rad8 15.
Ng5 Bc8 16.Nc4 Nc6 17.Ne3 h6 18.Nf3 Ne5 19.Nxe5 Qxe5 20.Bg3 g5 21.Nd5 Rfe8
22.Qc1 e6 23.Nxf4 gxf4 24.Qxf4 Qh5 25.Bh4 Be5 26.Be2 Bxf4 27.Bxh5 Rd2 28.
Re2 Rxe2 29.Bxe2 b6 30.Bb5 1-0

[Event "5th American Continental"]
[Site "Sao Paulo BRA"]
[Date "2009.07.26"]
[Round "2.107"]
[White "Garcia, Liria Caetano"]
[Black "Torres, Douglas da Silva"]
[Result "0-1"]
[WhiteElo "1837"]
[BlackElo "2069"]
[EventDate "2009.07.25"]
[PlyCount "132"]

1.d4 Nf6 2.c4 e6 3.Nc3 Bb4 4.Qc2 c5 5.e3 O-O 6.Nf3 d5 7.a3 Bxc3+ 8.bxc3 
Nbd7 9.Bb2 b6 10.cxd5 exd5 11.c4 Bb7 12.Rc1 Rc8 13.Qb3 cxd4 14.Bxd4 Qe7 
15.Qb2 Nc5 16.Be2 dxc4 17.Bxc4 Bd5 18.Be2 Na4 19.Qa1 Nc5 20.Qb2 Rfd8 21.
O-O Nb3 22.Bxf6 Qxf6 23.Rxc8 Rxc8 24.Qxf6 gxf6 25.Rb1 Bxf3 26.gxf3 Nc5 27.
Kf1 Kf8 28.Ke1 Ke7 29.Rb4 Rg8 30.Rh4 Rg1+ 31.Bf1 Nd3+ 32.Ke2 Nc1+ 33.Ke1 
Nd3+ 34.Ke2 Nc1+ 35.Ke1 Nb3 36.Re4+ Kf8 37.Ra4 a5 38.Rf4 Ke7 39.Re4+ Kd6 
40.Rh4 Ke7 41.Re4+ Kd6 42.Rh4 Ke6 43.Re4+ Kf5 44.Rf4+ Ke6 45.Re4+ Kd6 46.
Rh4 Ke7 47.Re4+ Kf8 48.Rf4 Ke7 49.Rg4 Rh1 50.Re4+ Kf8 51.Ke2 Rxf1 52.Kxf1 
Nd2+ 53.Ke2 Nxe4 54.fxe4 Ke7 55.Kd3 b5 56.Kc3 Ke6 57.Kd3 Ke5 58.f3 Ke6 59.
Kc3 Ke5 60.Kd3 Ke6 61.h3 h6 62.h4 h5 63.Kc3 Ke5 64.Kd3 Ke6 65.Kc3 Ke5 66.
f4+ Kxe4 0-1

[Event "5th American Continental"]
[Site "Sao Paulo BRA"]
[Date "2009.07.26"]
[Round "2.110"]
[White "Martinez, Daniel"]
[Black "Mendes, David"]
[Result "1-0"]
[WhiteElo "2060"]
[BlackElo "1827"]
[EventDate "2009.07.25"]
[PlyCount "93"]

1.e4 c6 2.Nc3 d5 3.d4 dxe4 4.Nxe4 Bf5 5.Ng3 Bg6 6.Bc4 Nd7 7.N1e2 e6 8.O-O 
Bd6 9.f4 Ne7 10.c3 Qc7 11.Bd3 Bxd3 12.Qxd3 h5 13.Ne4 Nf5 14.N2g3 g6 15.
Nxd6+ Nxd6 16.Bd2 Nf6 17.Rae1 O-O-O 18.b4 h4 19.Nh1 Nfe4 20.Rxe4 Nxe4 21.
Qxe4 Qd6 22.Nf2 f5 23.Qf3 Qd5 24.Qxd5 exd5 25.Nd3 Rde8 26.Ne5 Re6 27.Rf3 
Kc7 28.Rh3 Kb6 29.Kf1 Kb5 30.Ke2 b6 31.Kd3 c5 32.a4+ Kxa4 33.bxc5 bxc5 34.
dxc5 g5 35.Kd4 g4 36.Rd3 Kb5 37.Be1 a5 38.Rd1 h3 39.Rb1+ Ka6 40.g3 Rc8 41.
c6 Rcxc6 42.Nxc6 Rxc6 43.Kxd5 Rc8 44.Bf2 a4 45.c4 Rd8+ 46.Ke5 Rd2 47.Rb6+ 
1-0

[Event "5th American Continental"]
[Site "Sao Paulo BRA"]
[Date "2009.07.26"]
[Round "2.111"]
[White "Sousa, Matheus Mazim de"]
[Black "Quintiliano Pinto, Renato Rodrigues"]
[Result "0-1"]
[WhiteElo "1817"]
[BlackElo "2059"]
[EventDate "2009.07.25"]
[PlyCount "76"]

1.d4 d5 2.Nf3 Nf6 3.e3 c5 4.dxc5 e6 5.a3 a5 6.c4 Bxc5 7.Nc3 O-O 8.cxd5 
exd5 9.Be2 Nc6 10.O-O Re8 11.Re1 Bg4 12.Nd4 Bxd4 13.Bxg4 Bxc3 14.bxc3 Nxg4
15.Qxg4 Rc8 16.Bb2 Ne5 17.Qe2 Nc4 18.Bc1 Qc7 19.Bd2 Re6 20.Rec1 a4 21.Be1 
Qc5 22.Rab1 Qc6 23.Rb4 Rce8 24.Bd2 b5 25.Rbb1 Rg6 26.g3 h6 27.Be1 Re4 28.
Rc2 Qc5 29.Rb4 f5 30.Qd1 Kh8 31.Kg2 f4 32.exf4 Rge6 33.Rd2 Nxd2 34.Bxd2 
Re2 35.Be3 Qxe3 36.Qd4 Qxf2+ 37.Kh3 Qxh2+ 38.Kg4 Rg6+ 0-1

[Event "5th American Continental"]
[Site "Sao Paulo BRA"]
[Date "2009.07.26"]
[Round "2.112"]
[White "Chang, Suzana"]
[Black "Nobre, Jose Adalberto Barbosa"]
[Result "1-0"]
[WhiteElo "2047"]
[BlackElo "1814"]
[EventDate "2009.07.25"]
[PlyCount "99"]

1.d4 Nf6 2.c4 d5 3.cxd5 Nxd5 4.e4 Nf6 5.Nc3 g6 6.Bc4 Bg7 7.e5 Ng4 8.e6 f5 
9.h3 Nh6 10.Bf4 Nc6 11.Nf3 a6 12.Qd2 b5 13.Nxb5 axb5 14.Bxb5 Qd5 15.Bxc6+ 
Qxc6 16.Bxh6 Qxe6+ 17.Ne5 Bxe5 18.dxe5 Qxe5+ 19.Qe3 Qxe3+ 20.fxe3 Be6 21.
a3 Bd5 22.O-O Rg8 23.Bf4 c6 24.Be5 Ra4 25.Rf4 Rxf4 26.exf4 Kd7 27.a4 Ra8 
28.a5 c5 29.a6 Bc4 30.a7 e6 31.Bb8 Kc6 32.Kf2 Bd5 33.g4 Kb7 34.Kg3 Rxb8 
35.axb8=Q+ Kxb8 36.Ra5 c4 37.gxf5 gxf5 38.Kh4 Kb7 39.Kg5 Kb6 40.Ra1 Kb5 
41.Kf6 Kb4 42.Ra3 Kc5 43.Ke5 h6 44.h4 h5 45.Rg3 Kb4 46.Kd4 Be4 47.Rg8 Bd5 
48.Rb8+ Ka5 49.Kc3 Ka6 50.Rh8 1-0

[Event "5th American Continental"]
[Site "Sao Paulo BRA"]
[Date "2009.07.26"]
[Round "2.113"]
[White "Barata, Hemar Antonio Galvao"]
[Black "Cirilo, Guilherme de Araujo"]
[Result "1/2-1/2"]
[WhiteElo "2043"]
[BlackElo "1803"]
[EventDate "2009.07.25"]
[PlyCount "51"]

1.e4 c6 2.d4 d5 3.e5 Bf5 4.g4 Bd7 5.f4 e6 6.Bd3 Qh4+ 7.Kf1 c5 8.Be3 cxd4 
9.Bxd4 Nc6 10.Bf2 Qd8 11.Nf3 Be7 12.Nbd2 Nb4 13.Be2 Rc8 14.c3 Nc6 15.Nb3 
f6 16.Bd3 fxe5 17.fxe5 Nh6 18.h3 O-O 19.Kg2 Nf7 20.Qc2 h6 21.Rae1 Nb4 22.
Bh7+ Kh8 23.Qb1 Nc6 24.Bg3 Ng5 25.Nxg5 Bxg5 26.Rhf1 1/2-1/2

[Event "5th American Continental"]
[Site "Sao Paulo BRA"]
[Date "2009.07.26"]
[Round "2.114"]
[White "Costa, Romualdo Mendonca da"]
[Black "Delai, Paula Fernanda"]
[Result "1-0"]
[WhiteElo "1813"]
[BlackElo "2042"]
[EventDate "2009.07.25"]
[PlyCount "71"]

1.d4 Nf6 2.c4 g6 3.Nc3 Bg7 4.e4 d6 5.f3 O-O 6.Be3 c6 7.Bd3 e5 8.d5 cxd5 9.
cxd5 Nh5 10.Nge2 f5 11.Qd2 Nd7 12.O-O-O Nc5 13.Kb1 Nxd3 14.Qxd3 Nf6 15.Rc1
a6 16.Rc2 Bd7 17.Rhc1 Qa5 18.Bd2 Rfc8 19.Nd1 Qd8 20.Rxc8 Rxc8 21.Rxc8 Qxc8
22.Nec3 b5 23.b4 a5 24.a3 axb4 25.axb4 Qa6 26.Kb2 fxe4 27.fxe4 Ne8 28.Qg3 
Qc8 29.Qd3 Nc7 30.Be3 Na6 31.Kb3 Qb8 32.Qe2 Bf6 33.g3 Bd8 34.Qf2 Bg4 35.
Bh6 Bb6 36.Qf6 1-0